01116nam a22002531 4500001000700000003000900007005001700016007000300033008004100036080002100077100004000098245012100138250001200259260004900271300003300320490006500353650005300418650009500471710003100566830007300597852005100670999001900721952012200740105378ES-MaACL20250706063013.0t|060703s1954 mx ||||0| spa d a821.134.2.09"18"1 aLlorens, Vicente,d1906-197997288410aLiberales y románticos : buna emigración española en Inglaterra (1823-1834) / cpor Vicente Llorens Castillo. a1ª ed. aMéxico : bEl Colegio de México, c1954. a382 p., 10 lám. ; c21 cm.1 aPublicaciones de la Revista de filología hispánica ; v317aExiliados españoles-zGran Bretaña29172182 4aLiteratura española-xAutores exiliados-zGran Bretaña-xHistoria y crítica.91721812 aColegio de México.929111 aPublicaciones de la Revista de filología hispánica ; v39232711 aES-MaACLjAND-173 z- Biblioteca Juan Andrade. c105378d105378 00104070aATENEOMbATENEOMcDEPO2d2008-01-17eSCl0oAND-173p1110009r2023-02-23 00:00:00w2023-02-23yMONOGRAFIA